000 00696nam a2200241 a 4500
001 54801
003 BD-RjUL
005 20211209080154.0
008 170118m19961994ii a|||| |||| 00| 0 eng d
035 _a(BD-RjUL)54923
040 _aBD-RjUL
_beng
_cBD-RjUL
_dBD-RjUL
041 _aeng
082 0 0 _a657
_bBAP 1996
_223
100 _aBasu, Sankar Prasad
_9138507
245 _aPractice in accountancy /
_cBy Sankar Prasad Basu and Monilal Das
250 _a7th ed.
260 _aCalcutta :
_bRabindra library,
_c1994 [Reprint 1996,1997].
300 _a v. :
_bill. ;
_c24 cm.
505 0 _aV.1 -- V. 2 --
650 _a Accounting.
_9163364
700 _aDas, Monilal
_9229425
942 _2ddc
_cBK
999 _c54801
_d54801